=LDR 00000nam 2200000 4500 =001 INLIS000000000031739 =005 20140321110453.0 =006 =007 =008 ind =035 ##$$a 0010-061300000031739 =041 ##$$a ind =082 ##$$a 508 =090 ##$$a 508, Wak i =100 ##$$a Wakhidah,Nur =245 ##$$a Ilmu Alamiah Dasar , Nur Wakhidah ;Turmudi;Ulfa Utami; Editor Nurfitriyah =260 ##$$a Jakarta $b Perestasi Pustaka $c 2007 =300 ##$$a xii, 250 hlm, Ilus., 21 cm =650 ##$$a ALAMIAH DASAR, ILMU =700 ##$$a UTAMI, Ulfah =850 ##$$a NBPNMAT =990 ##$$a 90870/BPAP-NTB/2014 =990 ##$$a 91030/BPAP-NTB/2014